| Tag |
First Indicator |
Second Indicator |
Subfields |
| LEADER |
00000cam a2200000 4500 |
| 001 |
in00000490521 |
| 005 |
20151013054214.0 |
| 008 |
741011s1974 fr b 00000dfre |
| 010 |
|
|
|a 74175204
|
| 020 |
|
|
|a 2252015578
|
| 035 |
|
|
|a (OCoLC)01038352
|
| 035 |
|
|
|9 ACC1806AM
|
| 040 |
|
|
|c DRB
|d TXA
|d UtOrBLW
|
| 049 |
|
|
|a TXAM
|c [1238090]
|
| 050 |
0 |
0 |
|a PQ2603.O627
|b Z6
|
| 082 |
0 |
|
|a 841/.9/12
|
| 100 |
1 |
|
|a Cauvin, Jean Pierre.
|
| 245 |
1 |
0 |
|a Henri Bosco et la poetique du sacre.
|
| 264 |
|
1 |
|a Paris :
|b Klincksieck,
|c 1974.
|
| 300 |
|
|
|a 290 pages ;
|c 25 cm.
|
| 336 |
|
|
|a text
|b txt
|2 rdacontent
|
| 337 |
|
|
|a unmediated
|b n
|2 rdamedia
|
| 338 |
|
|
|a volume
|b nc
|2 rdacarrier
|
| 490 |
1 |
|
|a Bibliotheque francaise et romane Serie C: Etudes litteraires,
|v 46
|
| 504 |
|
|
|a Bibliography: pages [269]-285.
|
| 600 |
1 |
0 |
|a Bosco, Henri,
|d 1888-1976
|x Criticism and interpretation.
|
| 830 |
|
0 |
|a Bibliothèque française et romane.
|n Série C,
|p Etudes littéraires ;
|v 46.
|
| 999 |
|
|
|a MARS
|
| 999 |
f |
f |
|s d099aacb-421c-3e42-934b-d8b7819cf9d6
|i 6785c532-4192-3c1c-9d66-4e6851dd12cb
|t 0
|
| 952 |
f |
f |
|p normal
|a Texas A&M University
|b College Station
|c Sterling C. Evans Library
|d Evans: Library Stacks
|t 0
|e PQ2603.O627 Z6
|h Library of Congress classification
|i unmediated -- volume
|m A14803776827
|
| 998 |
f |
f |
|a PQ2603.O627 Z6
|t 0
|l Evans: Library Stacks
|